Sistema para la detección de canales de comunicación abiertos por el bombardeo meteórico /
Guardado en:
| Autor principal: | |
|---|---|
| Formato: | Libro |
| Publicado: |
[San José, Costa Rica]
2007
|
| Materias: | |
| Etiquetas: |
Agregar Etiqueta
Sin Etiquetas, Sea el primero en etiquetar este registro!
|
MARC
| LEADER | 00000nam a2200000Ia 4500 | ||
|---|---|---|---|
| 003 | 009978 | ||
| 005 | 20221231144105.0 | ||
| 008 | 140114s2007 cr a 000 ||s d | ||
| 040 | |c cru CEDI | ||
| 090 | |a TFG 5507 | ||
| 100 | |a Porras Velásquez, Francisco José |9 4723 | ||
| 245 | |a Sistema para la detección de canales de comunicación abiertos por el bombardeo meteórico / | ||
| 260 | |c 2007 |b [San José, Costa Rica] | ||
| 300 | |a [9], 99 hojas; ilustraciones (algunas a color), mapas color | ||
| 500 | |a Proyecto de graduación (bachillerato en ingeniería eléctrica)--Universidad de Costa Rica. Facultad de Ingeniería. Escuela de Ingeniería Eléctrica | ||
| 650 | |x SISTEMAS DE TELECOMUNICACION |x ESTRELLAS FUGACES |x RADIOFRECUENCIA |9 4724 | ||
| 942 | |c TFG | ||
| 999 | |c 16752 |d 16752 | ||
